| Поле | Инд. | ПП | Название | Значение |
|---|---|---|---|---|
| Тип записи | a | |||
| Библиографический уровень | b | |||
| 001 | Контрольный номер | DU/566669232 | ||
| 005 | Дата корректировки | 20200526192500.9 | ||
| 008 | Кодируемые данные | 20171215 | ||
| 040 | b | Код языка каталог. | rus | |
| e | Правила каталог. | PSBO | ||
| 041 | 0_ | a | Код языка текста | rus |
| 084 | a | Индекс другой классификации/Индекс ББК | 22.382 | |
| 100 | 1_ | a | Автор | Нурлан К. |
| q | Полное имя | Нурлан Канат | ||
| 100 | 1_ | a | Автор | Волков М. К. |
| q | Полное имя | Волков Михайл Константинович | ||
| 100 | 1_ | a | Автор | Пивоваров А. А. |
| q | Полное имя | Пивоваров Алексей Александрович | ||
| 245 | 10 | a | Заглавие | Распад t - > K~Vt в модели Намбу-Иона-Лазинио |
| 504 | a | Библиография | Библиогр.: 19 назв. | |
| 650 | a | Основная рубрика | физика | |
| a | Основная рубрика | физика элементарных частиц | ||
| a | Основная рубрика | ядерная физика | ||
| 653 | a | Ключевые слова | КХД при низких энергиях | |
| a | Ключевые слова | модель Намбу-Иона-Лазинио (НИЛ) | ||
| a | Ключевые слова | распад тау-лептона | ||
| a | Ключевые слова | тау-лептоны | ||
| 773 | 08 | t | Заглавие источника | Вестник Международного университета природы, общества и человека "Дубна" : Серия "Естественные и инженерные науки" |
| d | Дата издания источника | 2016 | ||
| g | Прочая информация | № 2 (34). - С. 31 - 36 | ||
| w | Контрольный № источника | DU/540323393 | ||
| 901 | t | Тип документа | b |